| 000 | 00474ntaaa2200181 4500 | ||
|---|---|---|---|
| 003 | 01 | ||
| 005 | 20251027202909.0 | ||
| 008 | 0714s1973 ag 01 | ||
| 040 |
_aAR-BaBN _bspa _cAR-BaBN _eaacr _dRIC |
||
| 082 | _a922.8000 F49 | ||
| 100 |
_aFinney, Charles G _929264 |
||
| 245 | _aMemoirs of Rev. Charles G Finney | ||
| 250 | _a1 ed. | ||
| 260 |
_aNew York : _bFleming H Revell Company, _cc1903 |
||
| 300 | _a477 p | ||
| 650 |
_abiografias-evangelistas _929414 |
||
| 942 | _cBK | ||
| 999 |
_c24245 _d24245 |
||